| 000 | 00601nam a2200229Ia 4500 | ||
|---|---|---|---|
| 003 | OSt | ||
| 005 | 20220918210237.0 | ||
| 006 | a|||||r|||| 00| 0 | ||
| 007 | ta | ||
| 008 | 220917b |||||||| |||| 00| 0 eng d | ||
| 024 | _a119,731 | ||
| 037 | _cTextual | ||
| 040 |
_aARTS _cARTS _beng |
||
| 041 |
_2eng _aeng |
||
| 082 | _aV73:257:N3, H8 | ||
| 100 |
_aMeiklejohn Alexander _9117555 |
||
| 245 | 0 | _aFree speech and its relation to self-government | |
| 260 | _c1948 | ||
| 650 | _aHISTORY | ||
| 942 |
_hV73:257:N3, H8 _cTEXL _2CC |
||
| 999 |
_c242991 _d242991 |
||